[Event "SVK-ch U12"]
[Site "Liptovsky Mikulas"]
[Date "2017.04.23"]
[Round "3"]
[White "Babjarcik, Tobias"]
[Black "Kubovics, Levente"]
[Result "0-1"]
[WhiteElo "1052"]
[BlackElo "1220"]
[PlyCount "52"]
[EventDate "2017.04.22"]
[EventType "swiss"]
[EventRounds "9"]
[EventCountry "SVK"]
[SourceTitle "CBM 178 Extra"]
[Source "ChessBase"]
[SourceDate "2017.06.22"]
[SourceVersion "1"]
[SourceVersionDate "2017.06.22"]
[SourceQuality "1"]

1. e4 e5 2. Nf3 Nc6 3. Bc4 Nf6 4. d3 Be7 5. 0-0 d6 6. c3 Bg4 7. h3 Bh5 8. Re1 Bxf3 9. Qxf3 Na5 10. Bb5+ c6 11. Ba4 g6 12. Bh6 Qb6 13. b4 0-0-0 14. bxa5 Qxa5 15. Bb3 d5 16. exd5 cxd5 17. Rxe5 Qc5 18. Bg7 Nd7 19. Bxh8 Rxh8 20. Rxd5 Qc6 21. Qxf7 Nb6 22. Re5 Bd6 23. Re6 Rd8 24. Qxh7 Na4 25. Bxa4 Qxa4 26. Rxg6 Qd1# 0-1

[Event "SVK-ch U10"]
[Site "Liptovsky Mikulas"]
[Date "2016.04.16"]
[Round "1"]
[White "Sustek, Adam"]
[Black "Kubovics, Levente"]
[Result "1-0"]
[WhiteElo "1364"]
[BlackElo "1000"]
[PlyCount "89"]
[EventDate "2016.04.16"]
[EventType "swiss"]
[EventRounds "9"]
[EventCountry "SVK"]
[SourceTitle "CBM 172 Extra"]
[Source "ChessBase"]
[SourceDate "2016.06.21"]
[SourceVersion "1"]
[SourceVersionDate "2016.06.21"]
[SourceQuality "1"]

1. e4 e5 2. Nf3 Nc6 3. d4 exd4 4. Nxd4 Bc5 5. Nxc6 bxc6 6. Nc3 Nf6 7. Bd3 0-0 8. 0-0 d5 9. exd5 cxd5 10. Bg5 Be7 11. Bxf6 Bxf6 12. Qh5 g6 13. Qxd5 Qxd5 14. Nxd5 c6 15. Nxf6+ Kg7 16. Ne4 Rb8 17. b3 f5 18. Nd6 Be6 19. Rfe1 Rf6 20. Rad1 Bd5 21. Ne8+ Rxe8 22. Rxe8 Bf7 23. Re7 Kf8 24. Rxa7 Rd6 25. Rxf7+ Kxf7 26. Bc4+ Ke7 27. Rxd6 Kxd6 28. a4 Kc7 29. Bg8 h6 30. Bh7 g5 31. Bxf5 h5 32. g3 h4 33. gxh4 gxh4 34. Kg2 Kb7 35. Kh3 Kb6 36. Kxh4 c5 37. Bd3 Ka7 38. f4 Kb8 39. f5 Kc7 40. f6 Kd7 41. a5 Ke6 42. a6 Kxf6 43. a7 Ke5 44. a8Q Kf4 45. Qe4# 1-0

[Event "SVK-ch U10"]
[Site "Tatralandia"]
[Date "2015.04.21"]
[Round "5"]
[White "Soltys, Oliver"]
[Black "Kubovics, Levente"]
[Result "1-0"]
[WhiteElo "1144"]
[BlackElo "1000"]
[PlyCount "57"]
[EventDate "2015.04.18"]
[EventType "swiss"]
[EventRounds "9"]
[EventCountry "SVK"]
[SourceTitle "CBM 166 Extra"]
[Source "ChessBase"]
[SourceDate "2015.06.18"]
[SourceVersion "1"]
[SourceVersionDate "2015.06.18"]
[SourceQuality "1"]

1. e4 e5 2. Nf3 Nc6 3. Bb5 a6 4. Bxc6 dxc6 5. Nc3 Bd6 6. d4 exd4 7. Nxd4 Nf6 8. Nf3 Be6 9. e5 Bc5 10. Qxd8+ Rxd8 11. exf6 gxf6 12. 0-0 0-0 13. Bh6 Rfe8 14. Ne4 Be7 15. Rad1 Bd5 16. Nfd2 Bxe4 17. Nxe4 f5 18. Ng3 Rd5 19. Rxd5 cxd5 20. Re1 f4 21. Nf5 Rd8 22. Nxe7+ Kh8 23. Nxd5 f6 24. Nxf6 c6 25. Nd7 Kg8 26. Rd1 Kf7 27. Ne5+ Ke7 28. Bg5+ Ke8 29. Rxd8# 1-0

[Event "SVK-ch U10"]
[Site "Tatralandia"]
[Date "2015.04.20"]
[Round "4"]
[White "Kubovics, Levente"]
[Black "Grec, Jan Alexander"]
[Result "1-0"]
[WhiteElo "1000"]
[BlackElo "1042"]
[PlyCount "87"]
[EventDate "2015.04.18"]
[EventType "swiss"]
[EventRounds "9"]
[EventCountry "SVK"]
[SourceTitle "CBM 166 Extra"]
[Source "ChessBase"]
[SourceDate "2015.06.18"]
[SourceVersion "1"]
[SourceVersionDate "2015.06.18"]
[SourceQuality "1"]

1. e4 e5 2. Nf3 Nc6 3. Bc4 Nf6 4. Ng5 d5 5. exd5 Nxd5 6. d3 Be7 7. Nf3 0-0 8. Bd2 Nf6 9. Nc3 Bc5 10. 0-0 h6 11. a3 Nh7 12. b4 Bb6 13. Na4 Qf6 14. Nxb6 axb6 15. Bb5 Qg6 16. Bxc6 bxc6 17. Nxe5 Qf6 18. Ng4 Qg6 19. h3 Nf6 20. Ne5 Qf5 21. Nxc6 Qg6 22. Ne7+ Kh7 23. Nxg6 Kxg6 24. Bc3 Bb7 25. Bxf6 Kxf6 26. Re1 Rad8 27. Qe2 Rd5 28. c4 Rg5 29. g3 Kg6 30. h4 Rf5 31. Qg4+ Kf6 32. Qd4+ Kg6 33. Rad1 Bf3 34. Rd2 Rh5 35. Re3 Bb7 36. Qg4+ Kh7 37. Qxh5 Rd8 38. Re7 f6 39. Qf7 Rg8 40. Rde2 Kh8 41. Re8 Rxe8 42. Rxe8+ Kh7 43. Re7 Kh8 44. Qxg7# 1-0